000 00759nam a2200217 a 4500
001 000039483
005 20240530073922.0
008 130702s2003 dr 001 f spa d
040 _aDO-SdBNP
_bspa
_cBNPHU
082 _aRD863.44
_bA347y
100 1 _aAlcántara Morales, Máximo,
_d1953-
_965668
245 1 0 _aYamary :
_bel esqueleto de algodón y otros cuentos /
_cMáximo Alcántara Morales.
260 _aSanto Domingo
_fImpresora Mella
_c2003.
300 _a140 p. ;
_c23 cm.
500 _aIncluye datos biográficos del autor en la contracubierta
590 _aInventariado, 2019 / DG
650 0 _aNovela dominicana
_9223
650 0 _aCuentos dominicanos
_9176
650 0 _aLiteratura dominicana.
_967
910 _aValidado. Control de calidad EMS.
999 _c38973
_d38973